Inauguración del camino vecinal de la Roca a Cardedeu y del puente sobre el Mogent
Descripción Física:
Il·lustracions
Colección:
San Jorge,
; núm. 13 (gener 1954), pàg 99
Materias:
Camins -- Barcelona (Província) -- Disseny i construcció
; Ponts -- Barcelona (Província) -- Disseny i construcció
; Roca del Vallès, La
; Cardedeu
Idioma:
Español
MARC
| LEADER | 00000naa a2200000 a 4500 | ||
|---|---|---|---|
| 003 | Arxiu | ||
| 005 | 20260324181037.0 | ||
| 008 | 160829s1954 spcaxx s spa c | ||
| 040 | |a agdb | ||
| 245 | 0 | 0 | |a Inauguración del camino vecinal de la Roca a Cardedeu y del puente sobre el Mogent |
| 300 | |b Il·lustracions | ||
| 490 | |a San Jorge, |v núm. 13 (gener 1954), pàg 99 | ||
| 650 | 0 | |a Camins |z Barcelona (Província) |x Disseny i construcció |9 28422 | |
| 650 | 0 | |a Ponts |x Barcelona (Província) |x Disseny i construcció |9 21399 | |
| 651 | 0 | |9 50903 |a Roca del Vallès, La | |
| 651 | 0 | |a Cardedeu |9 50886 | |
| 773 | |g Núm. 13 (gener 1954), pàg 99 |t San Jorge. | ||
| 901 | |a Arxiu | ||
| 942 | |n 1 |2 udc |c ART | ||
| 952 | |0 0 |1 0 |4 0 |6 REV509 |7 1 |9 64759 |a Arxiu |b Arxiu |d 2022-12-13 |l 0 |o Rev-509 |r 2022-12-13 00:00:00 |w 2022-12-13 |y ARXIU |z També disponible a Rev-523 | ||
| 999 | |c 48546 |d 48546 | ||